LEADER 00538nam0 22002171i 450 001 990007278140403321 005 20200612091933.0 035 $a000727814 100 $a20021010d1977----km-y0itay50------ba 101 0 $aita 200 1 $aBollettino di statistica 210 $aNapoli$cs.e.$d1977 710 02$aNapoli$0374308 801 0$aIT$bUNINA$gRICA$2UNIMARC 901 $aBK 912 $a990007278140403321 952 $aXV P 47$dXV P 47$fDTE 959 $aDTE 996 $aBollettino di statistica$9696566 997 $aUNINA DB $aGEN01 LEADER 05088nam 22006254a 450 001 9910451172403321 005 20200520144314.0 010 $a1-280-86760-4 010 $a9786610867608 010 $a1-4294-5272-2 010 $a90-474-0695-8 010 $a1-4337-0654-7 024 7 $a10.1163/9789047406952 035 $a(CKB)1000000000334890 035 $a(EBL)280705 035 $a(OCoLC)476024316 035 $a(SSID)ssj0000220304 035 $a(PQKBManifestationID)11187512 035 $a(PQKBTitleCode)TC0000220304 035 $a(PQKBWorkID)10143792 035 $a(PQKB)11268915 035 $a(MiAaPQ)EBC280705 035 $a(nllekb)BRILL9789047406952 035 $a(PPN)184934583 035 $a(Au-PeEL)EBL280705 035 $a(CaPaEBR)ebr10171685 035 $a(CaONFJC)MIL86760 035 $a(OCoLC)437175306 035 $a(EXLCZ)991000000000334890 100 $a20041213d2005 uy 0 101 0 $aeng 135 $aur||||||||||| 181 $ctxt$2rdacontent 182 $cc$2rdamedia 183 $acr$2rdacarrier 200 10$aPerspectives on New Testament textual criticism$b[electronic resource] $ecollected essays, 1962-2004 /$fby Eldon Jay Epp 210 $aLeiden ;$aBoston $cBrill$dc2005 215 $a1 online resource (896 pages) 225 1 $aSupplements to Novum Testamentum,$x0167-9732 ;$vv. 116 300 $aDescription based upon print version of record. 311 $a90-04-14246-0 320 $aIncludes bibliographical references (p. [803]-807) and indexes. 327 $aPreliminary Material -- The ?Ignorance Motif? in Acts and Anti-Judaic Tendencies in Codex Bezae -- Coptic Manuscript G67 and the Rôle of Codex Bezae as a Western Witness in Acts -- The Claremont Profile Method for Grouping New Testament Minuscule Manuscripts -- The Twentieth Century Interlude in New Testament Textual Criticism -- Toward the Clarification of the Term ?Textual Variant?1 -- The Eclectic Method in New Testament Textual Criticism: Solution or Symptom?1 -- New Testament Textual Criticism in America: Requiem for a Discipline -- A Continuing Interlude in New Testament Textual Criticism?1 -- The Ascension in the Textual Tradition of Luke?Acts -- Decision Points in Past, Present, and Future New Testament Textual Criticism1 -- New Testament Textual Criticism Past, Present, and Future: Reflections on the Alands? Text of the New Testament -- The New Testament Papyrus Manuscripts in Historical Perspective1 -- The Significance of the Papyri for Determining the Nature of the New Testament Text in the Second Century: A Dynamic View of Textual Transmission1 -- New Testament Papyrus Manuscripts and Letter Carrying in Greco-Roman Times1 -- The Papyrus Manuscripts of the New Testament -- The International Greek New Testament Project: Motivation and History -- Textual Criticism in the Exegesis of the New Testament -- The New Testament Papyri at Oxyrhynchus in their Social and Intellectual Context -- The Codex and Literacy in Early Christianity and at Oxyrhynchus: Issues Raised by Harry Y. Gamble?s Books and Readers in the Early Church -- The Multivalence of the Term ?Original Text? in New Testament Textual Criticism1 -- Issues in the Interrelation of New Testament Textual Criticism and Canon -- Issues in New Testament Textual Criticism: Moving from the Nineteenth Century to the Twenty-First Century1 -- Anti-Judaic Tendencies in the D-Text of Acts: Forty Years of Conversation -- Presidential Address -- The Oxyrhynchus New Testament Papyri: ?Not Without Honor Except in their Hometown?? -- Bibliography and Text-Critical Responsibilities of the Author, 1962?2004 -- Index of Authors (Ancient and Modern) -- Index of Passages -- Index of Greek and Latin Words -- Index of New Testament Manuscripts, Versions, Editions, and Modern Translations -- Index of Subjects. 330 $aThis collection of frequently cited articles and chapters published from 1962 to 2004 provides perspective on the history and development of New Testament textual criticism, with descriptions and critique of the major text-critical theories and methods. Specific manuscripts and text-types, such as the Codex Bezae and the D-text are discussed, as well as issues such as anti-Judaic tendencies, the ascension narratives, and the relationship of text and canon. Many of the essays from the last fifteen years emphasize the earliest period and papyrus manuscripts, particularly those found at Oxyrhynchus, and assess their socio-cultural and intellectual contexts, while articles from the last five years advocate or engage the more controversial aspects of current New Testament textual criticism, especially the issue of 'original text'. 410 0$aSupplements to Novum Testamentum ;$vv. 116. 608 $aElectronic books. 676 $a225.4/86 700 $aEpp$b Eldon Jay$01043161 801 0$bMiAaPQ 801 1$bMiAaPQ 801 2$bMiAaPQ 906 $aBOOK 912 $a9910451172403321 996 $aPerspectives on New Testament textual criticism$92467944 997 $aUNINA LEADER 01353oam 2200469zu 450 001 9910829803903321 005 20210807004032.0 010 $a0-470-77865-2 010 $a0-470-77173-9 010 $a0-470-77203-4 035 $a(CKB)2500000000001573 035 $a(SSID)ssj0000354601 035 $a(PQKBManifestationID)11275372 035 $a(PQKBTitleCode)TC0000354601 035 $a(PQKBWorkID)10315821 035 $a(PQKB)10550253 035 $a(EXLCZ)992500000000001573 100 $a20160829d1983 uy 101 0 $aeng 181 $ctxt 182 $cc 183 $acr 200 04$aThe Chemistry of peroxides 210 31$a[Place of publication not identified]$cWiley$d1983 225 0 $aThe Chemistry of functional groups The Chemistry of peroxides 300 $aBibliographic Level Mode of Issuance: Monograph 311 $a0-471-10218-0 606 $aPeroxides 606 $aInorganic Chemistry$2HILCC 606 $aChemistry$2HILCC 606 $aPhysical Sciences & Mathematics$2HILCC 615 0$aPeroxides 615 7$aInorganic Chemistry 615 7$aChemistry 615 7$aPhysical Sciences & Mathematics 676 $a546/.7212 702 $aPatai$b Saul 801 0$bPQKB 906 $aBOOK 912 $a9910829803903321 996 $aChemistry of peroxides$9125362 997 $aUNINA